| LEADER |
01900nam0a2200217 450 |
| 001 |
16828161 |
| 010 |
|
|
|a 978-2-07-268872-0
|b br.
|d 22
|
| 100 |
|
|
|a 20170814d2026 u u0frey01 ba
|
| 101 |
1 |
|
|a fre
|c eng
|
| 102 |
|
|
|a FR
|
| 200 |
0 |
|
|a salle de bal (La)
|e roman
|f Anna Hope
|g traduit de l'anglais par Elodie Leplat
|
| 207 |
|
1 |
|a
|
| 210 |
|
|
|a Paris
|b 5 rue Sébastien Bottin.
|c Gallimard
|d DL 2017
|
| 215 |
|
|
|a 1 vol. (388 p.)
|d 21 cm
|
| 225 |
1 |
|
|a Du monde entier
|x 0750-7879
|
| 330 |
|
|
|a Lors de l'hiver 1911, l'asile d'aliénés de Sharston, dans le Yorkshire, accueille une nouvelle pensionnaire : Ella, qui a brisé une vitre de la filature dans laquelle elle travaillait depuis l'enfance. Si elle espère d'abord être rapidement libérée, elle finit par s'habituer à la routine de l'institution. Hommes et femmes travaillent et vivent chacun de leur côté : les hommes cultivent la terre tandis que les femmes accomplissent leurs tâches à l'intérieur. Ils sont néanmoins réunis chaque vendredi dans une somptueuse salle de bal. Ella y retrouvera John, un "mélancolique irlandais". Tous deux danseront, toujours plus fébriles et plus épris. A la tête de l'orchestre, le docteur Fuller observe ses patients valser. Séduit par l'eugénisme et par le projet de loi sur le Contrôle des faibles d'esprit, Fuller a de grands projets pour guérir les malades. Projets qui pourraient avoir des conséquences désastreuses pour Ella et John. Après Le chagrin des vivants, Anna Hope parvient de nouveau à transformer une réalité historique méconnue en un roman subtil et puissant, entraînant le lecteur dans une ronde passionnée et dangereuse.
|
| 700 |
|
0 |
|a Hope
|b Anna
|c romancière
|f 1974-....
|4 70
|
| 702 |
|
0 |
|a Leplat
|b Elodie
|f 19..-....
|4 730
|
| 900 |
|
|
|a Roman
|
| 901 |
|
|
|a Accessible au prêt
|
| 995 |
|
|
|a Bibliothèque
|c Bibliothèque
|f 024018257
|h 024018257
|k R HOP
|o p
|q a
|r az
|e Bibliothèque
|